00462 2200181 4500001002100000005001500021008004100036020001800077035001900095041000700114082001000121090001700131100002500148245003700173260002700210300002600237650001700263INLIS00000000001243120241224114350241224||||||||| | ||| |||| || |  a979-665-012-6 0010-1224012431 aid0 a688.7 a688.7 CHU. m0 aE. Richard Churchill00aMainan Kertas yang Dapat Terbang aBandungbAngkasac1996 a96 hlm.; 14,5 x 21 cm 0aketerampilan